LIBRARY & INFORMATION CENTRE, KCAET, TAVANUR

ONLINE PUBLIC ACCESS CATALOGUE (OPAC)

Handling, Transportation and Storage of Fruits and Vegetables - volume - 1: Vegetables and Melons (Record no. 14521)

MARC details
000 -LEADER
fixed length control field 00321nam a22000977a 4500
245 ## - TITLE STATEMENT
Title Handling, Transportation and Storage of Fruits and Vegetables - volume - 1: Vegetables and Melons
250 ## - EDITION STATEMENT
Edition statement 2 nd
260 ## - PUBLICATION, DISTRIBUTION, ETC. (IMPRINT)
Place of publication New Delhi
Name of publisher Medtec An Impriment of Scientific International Pvt. Ltd.
Year of publication 2014
300 ## - PHYSICAL DESCRIPTION
Number of Pages 587
942 ## - ADDED ENTRY ELEMENTS (KOHA)
Koha item type Books

No items available.

free website counter